00846nam a2200181 a 450000100060000000300090000600800410001502000150005604000280007108200130009910000540011224500420016626000400020830000140024850000340026250503430029665000250063914621CO-ViMGA141112s2004 ck r 000 u spa d a9586007871 aCO-ViMGAbspacCO-ViMGA04a530 Z4791 aZitzewitz, Paul W.; Neff, Robert F.; Davids, Mark10aFísica 1 : bPrincipios y problemas aSta Fe de Bogotá McGraw Hill.2000 a314.p.il. aEdición actualizada 2001.  aQue es la física? Herramientas matemáticas Descripción del movimiento : velocidad Aceleración Fuerzas Vectores Movimiento en dos dimensiones Gravitación universal El momentum : Cantidad de movimiento lineal y su conservación Trabajo, energía y maquinas simples Energía Energía termica Física 1 : Principios y problemas14aFISICA - ENSEÑANZA